000 00349 a2200169 4500
001 186533
020 _a85-10-03036-7
040 _cMagnum
100 _aBelinky, Tatiana
240 1 0 _aCurto-circuito
_lpor
245 1 0 _aCurto-circuito
300 _a22
362 0 _a2001
440 1 _aDo Brasil
697 _aLITERATURA INFANTO
942 _cBK
999 _c186533
_d186533